000 004720000a22001810004500
003 MACL
005 20151018134433.0
008 151018b xxu||||| |||| 00| 0 eng d
040 _aMACL
_cMACL
041 _aEnglish
082 _a920/NAI
100 _aFrench, Patrick
_915858
245 _aThe World is What It Is
_bThe Authorized Biography of V S Naipaul
260 _bPicador
_c2008
_aNoida
350 _a595
650 _aBiography
_915859
942 _cBK
_k920/NAI
_2ddc
999 _c41881
_d41881